Điều dưỡng truyền nhiễm thần kinh, tâm thần : Tài liệu thí điểm giảng dạy điều dưỡng trung học

Salvato in:
Dettagli Bibliografici
Natura: Sách
Lingua:Undetermined
Pubblicazione:  Y học  2005
Soggetti:
Tags: Aggiungi Tag
Nessun Tag, puoi essere il primo ad aggiungerne! !
Thư viện lưu trữ: Trung tâm Thư viện - Trường Đại học Công nghiệp TP. Hồ Chí Minh
LEADER 00556nam a2200133Ia 4500
001 UIH_07959
008 231011s9999 xx 000 0 und d
082 |a  616.8 
245 0 |a  Điều dưỡng truyền nhiễm thần kinh, tâm thần : Tài liệu thí điểm giảng dạy điều dưỡng trung học 
260 |b  Y học 
260 |c  2005 
650 |a  Bệnh thần kinh; Bệnh truyền nhiễm;  
927 |a Sách 
980 |a Trung tâm Thư viện - Trường Đại học Công nghiệp TP. Hồ Chí Minh